Escape the Backrooms Non-Numbered Levels - Statistics

General Stats
  • This quiz has been taken 12 times
    6 since last reset
  • The average score is 5 of 11
Answer Stats
Answer % Correct
The End
80%
Level Fun
60%
Level Fun+
60%
Overgrowth
60%
Run For Your Life!
60%
The Grassrooms
60%
The Hub
60%
Hotel Chase
40%
The Bunker
40%
The Abandoned Outpost
20%
Level You Cheated
0%
No matching quizzes found
Score Distribution
Percent of People with Each Score
Percentile by Number Answered
Your Score History
You have not taken this quiz since the last reset